States With More Cats Than Dogs - Statistics

General Stats
  • This quiz has been taken 17 times
  • The average score is 8 of 9
Answer Stats
Rank U.S. State % Correct
#8 New York
100%
#1 Massachusetts
94%
#4 Vermont
94%
#3 Maine
88%
#6 New Hampshire
88%
#5 Connecticut
81%
#2 Maryland
75%
#9 Ohio
69%
#7 Pennsylvania
69%
No matching quizzes found
Score Distribution
Percent of People with Each Score
Percentile by Number Answered
Your Score History
You have not taken this quiz